000 00707cab a2200217 4500
001 ABS54447
008 090401t1996 xxu||||| |||| 00| 0 eng d
035 _a(Sirsi) u10401
041 _aeng
100 _aWadhams, I.
245 _aSelf-assessment and current year basis
260 _c1996
350 _a0
490 _aCSM (Chartered Surveyor Monthly)
_v5(4) January 1996, 44-45(2)
520 _aBriefly describes the self-assessment system whereby individuals work out their own tax liabilities as part of their annual tax return due to come into effect from April 1996.
650 _aINCOME TAX RETURNS
650 _aSELF-ASSESSMENT
690 _aTAXATION
942 _n0
948 _c04/03/1997
999 _c6555
_d6555